Normale Ansicht MARC-Ansicht ISBD

Deutschland und Russland (Titelsatznr. 27531)

[ MARC ]
MARC-Details
000 -Satzkennung
Kontrollfeld mit fester Länge 00499nam a22002051c 4500
001 - Kontrollnummer
Kontrollfeld a987687995
008 - Feld mit fester Länge zur physischen Beschreibung - Allgemeine Angaben
Kontrollfeld mit fester Länge 170801s1965 gw |||| 000u ger d
041 ## - Sprachcode
Sprachcode des Textes/der Tonspur oder des separaten Titels ger
040 ## - Katalogisierungsquelle
Übertragungsstelle RU-10907106
003 - Kontrollnummer Identifier
Kontrollfeld RU-10907106
100 1# - Haupteintragung - Personenname
Personenname Laqueur, Walter
240 10 - Einheitstitel
Einheitstitel Russia and Germany
245 00 - Titel
Titel Deutschland und Russland
264 ## - Produktion, Veröffentlichung, Distribution, Herstellung und Urheberrechtsvermerk
Herstellungs-, Veröffentlichungs- Vertriebs-, Erzeugungsort Berlin :
Produzent, Herausgeber, Distributor, Hersteller Propyläen Verlag,
Datum der Herstellung, der Veröffentlichung, des Vertriebs oder des Urheberschutzvermerks 1965
300 ## - Physische Beschreibung
Umfang 423 Seiten
650 #0 - Nebeneintragung unter einem Schlagwort - Sachschlagwort
Sachschlagwort oder geografischer Name als Eintragungselement Außenpolitik
651 #0 - Nebeneintragung unter einem Schlagwort - Geografischer Name
Geografischer Name Sowjetunion
651 #0 - Nebeneintragung unter einem Schlagwort - Geografischer Name
Geografischer Name Deutschland
942 ## - Zusätzliche Felder (Koha)
Koha-Medientyp Monographien
Exemplare
Ausgeschieden Verloren Klassifikation oder Aufstellungssystematik Beschädigt Nicht entleihbar Heimatbibliothek Aufenthaltsbibliothek Aufstellungsort Erwerbungsdatum Inventarnummer Signatur Barcode Letzte Aktivität Preis gültig von Koha-Medientyp
    Andere/Generische Klassifikation     MWN Osteuropa MWN Osteuropa Lesesaal - 1 01/08/2017 17-04253 D 52 c Laq E004015078FB8027 23/02/2021 22/03/2021 Monographien